000 00355 a2200157 4500
001 66920
020 _a978856405236
040 _cAnchieta - Pituba
100 _aCarraro, Fernando
240 1 0 _aO planeta acredita em nós
_lpor
245 1 0 _aO planeta acredita em nós
300 _a47
362 0 _a2012
650 4 _aLiteratura juvenil
942 _cBK
999 _c66920
_d66920